Príspevok k problematike vývoja počtu poisťovní na poistnom trhu v SR
Trendy súčasného sveta ovplyvnili aj poistný trh v podobe fúzií a akvizícií. Hodnotenie doterajšieho vývoja poistného trhu v Slovenskej republike a naznačenie jeho možného smerovania v budúcnosti.
Enregistré dans:
| Auteur principal: | |
|---|---|
| Autres auteurs: | |
| Format: | Chapitre de livre |
| Langue: | slovaque |
| Sujets: | |
| Tags: |
Pas de tags, Soyez le premier à ajouter un tag!
|
MARC
| LEADER | 00000nla a2200000 4500 | ||
|---|---|---|---|
| 001 | 0168348 | ||
| 005 | 20240502072931.5 | ||
| 041 | 0 | |a slo | |
| 044 | |a SK | ||
| 245 | 1 | 0 | |a Príspevok k problematike vývoja počtu poisťovní na poistnom trhu v SR |c Erika Pastoráková, Peter Glod |
| 520 | |a Trendy súčasného sveta ovplyvnili aj poistný trh v podobe fúzií a akvizícií. Hodnotenie doterajšieho vývoja poistného trhu v Slovenskej republike a naznačenie jeho možného smerovania v budúcnosti. | ||
| 610 | 2 | 0 | |a Slovensko |
| 610 | 2 | 0 | |a trh poistný |
| 610 | 2 | 0 | |a poisťovníctvo |
| 610 | 2 | 0 | |a poistenie |
| 610 | 2 | 0 | |a rezervy technické |
| 610 | 2 | 0 | |a poisťovne |
| 610 | 2 | 0 | |a fúzie |
| 610 | 2 | 0 | |a akvizícia |
| 100 | 1 | |a Pastoráková, Erika, 1972- | |
| 700 | 1 | |a Glod, Peter | |